000 00293nam a22001337a 4500
008 180920b xxu||||| |||| 00| 0 eng d
020 _a9780863580154
041 _aeng
080 _a038
100 _a23
101 _aFJA
245 _aA Fiminist Dictionary
_cCheris.K
942 _2udc
_cBK
999 _c48147
_d48147